000 00190nmm a2200085Ia 4500
008 150209s2015||||xx |||||||||||||||||und||
100 _aTANDAN,B.K
245 _aHUMAN EMBRYOLOGY
942 _2ddc
_cCD
999 _c5926
_d5926